| 000 | 00546nam a2200217Ia 4500 | ||
|---|---|---|---|
| 999 |
_c13823 _d13823 |
||
| 003 | 0100 | ||
| 005 | 20190628123110.0 | ||
| 008 | 130303s9999 xx 000 0 und d | ||
| 020 | _a415113725 | ||
| 040 | _cARRUPELIB | ||
| 050 | _aH61 .P529 1996 | ||
| 100 |
_aPhelan, Peter _946622 |
||
| 245 | _aArgument and evidence | ||
| 245 | _bcritical analysis for the social sciences | ||
| 260 |
_aLondon _bRoutledge _c1996 |
||
| 300 | _aix | ||
| 300 | _b 247 p. ill. 23 cm | ||
| 650 |
_aSocial sciences _946623 |
||
| 700 |
_aPeter Phelan and Peter Reynolds , Reynolds, Peter _946624 |
||
| 942 | 0 | 0 |
_02 _2lcc _cMONOGRAPH |